00363cam a22001217a 4500008004000000082001200040100001400052245009500066260002900161300001000190650002700200650001400227180718b1993 xxu||||| |||| 00| 0 eng d aYA6 R18 aRao, K.N. aThe Nehru dynasty: astro-political portraits of Nehru Indira Sanjay and Rajivcby K.N. Rao aNew DelhibWindowsc1993 a276p. aAstrology and politics aAstrology